Т. 43, вып. 2: Вопросы геологии и геофизики; Записки Ленинградского горного института

Dades bibliogràfiques
Parent link:Записки Ленинградского горного института=Annales de L'Institut des Mines: научный журнал/ Ленинградский горный институт им. Г. В. Плеханова (ЛГИ). Т. 43, вып. 2: Вопросы геологии и геофизики.— , 1926-1977.— 2411-3336
Idioma:rus
francès
Publicat: 1962
Matèries:
Format: MixedMaterials Llibre
KOHA link:https://koha.lib.tpu.ru/cgi-bin/koha/opac-detail.pl?biblionumber=582315

MARC

LEADER 00000nam2a2200000 4500
001 582315
005 20251218180722.0
035 |a (RuTPU)RU\TPU\prd\282571 
035 |a RU\TPU\prd\282568 
090 |a 582315 
100 |a 20190111a19161977k y0rusy50 ca 
101 0 |a rus  |a fre 
102 |a RU 
200 0 |a Т. 43, вып. 2: Вопросы геологии и геофизики 
210 |d 1962 
461 1 |0 (RuTPU)RU\TPU\prd\357  |x 2411-3336  |t Записки Ленинградского горного института  |l Annales de L'Institut des Mines  |o научный журнал  |f Ленинградский горный институт им. Г. В. Плеханова (ЛГИ)  |v Т. 43, вып. 2: Вопросы геологии и геофизики  |d 1926-1977 
606 |a Геология  |9 34054 
675 |a 55  |v 3 
801 0 |a RU  |b 63413507  |c 20010227  |g PSBO 
801 1 |a RU  |b 63413507  |c 20080423  |g PSBO 
801 2 |a RU  |b 63413507  |c 20190123  |g PSBO 
942 |c BK